Faculty of Law Library — Cairo University

Official Online Catalog

International law : (Record no. 60850)

MARC details
000 -LEADER
fixed length control field 01112cam a2200337 i 4500
003 - CONTROL NUMBER IDENTIFIER
control field EG-GICUC
005 - DATE AND TIME OF LATEST TRANSACTION
control field 20260204115707.0
008 - FIXED-LENGTH DATA ELEMENTS--GENERAL INFORMATION
fixed length control field 090817s2009 mnu fr 001 0 eng d
020 ## - INTERNATIONAL STANDARD BOOK NUMBER
International Standard Book Number 9780314191281
Qualifying information cloth
040 ## - CATALOGING SOURCE
Original cataloging agency DLC
Transcribing agency DLC
Language of cataloging eng
Modifying agency EG-GiCUC
Description conventions rda
050 00 - LIBRARY OF CONGRESS CALL NUMBER
Classification number KZ1242.5
Item number .I578 2009
082 04 - DEWEY DECIMAL CLASSIFICATION NUMBER
Edition number 21
Classification number 341
092 04 - LOCALLY ASSIGNED DEWEY CALL NUMBER (OCLC)
Edition number 21
099 ## - LOCAL FREE-TEXT CALL NUMBER (OCLC)
Classification number Law 11 2009
245 00 - TITLE STATEMENT
Title International law :
Remainder of title cases and materials /
Statement of responsibility, etc. by Lori Fisler Damrosch ... [et al.].
250 ## - EDITION STATEMENT
Edition statement 5th edition.
264 ## - PRODUCTION, PUBLICATION, DISTRIBUTION, MANUFACTURE, AND COPYRIGHT NOTICE
Place of production, publication, distribution, manufacture St. Paul, Minn. :
Name of producer, publisher, distributor, manufacturer Thomson/West,
Date of production, publication, distribution, manufacture, or copyright notice 2009.
300 ## - PHYSICAL DESCRIPTION
Extent lxx, 1570 pages ;
Dimensions 26 cm.
336 ## - CONTENT TYPE
Content type term text
Source rdacontent
337 ## - MEDIA TYPE
Media type term Computer
Source rdamedia
338 ## - CARRIER TYPE
Carrier type term Online Resource
Source rdacarrier
490 0# - SERIES STATEMENT
Series statement American casebook series
500 ## - GENERAL NOTE
General note Includes index.
500 ## - GENERAL NOTE
General note Accompanied by Basic documents supplement (xi, 953 p.).
500 ## - GENERAL NOTE
General note Accompanied by: Teacher's manual (ii, 714 p.), 2010.
650 #0 - SUBJECT ADDED ENTRY--TOPICAL TERM
Topical term or geographic name entry element International law
Form subdivision Cases.
700 1# - ADDED ENTRY--PERSONAL NAME
Personal name Damrosch, Lori F.
Fuller form of name (Lori Fisler)
856 40 - ELECTRONIC LOCATION AND ACCESS
Uniform Resource Identifier <a href="https://fll.law.cu.edu.eg/fulltext/bks/ENGB11-00120.pdf">https://fll.law.cu.edu.eg/fulltext/bks/ENGB11-00120.pdf</a>
905 ## - Cataloger and Reviser Names
Cataloger Name: Hend El khosy
942 ## - ADDED ENTRY ELEMENTS (KOHA)
Source of classification or shelving scheme Dewey Decimal Classification
Koha item type Books
Edition 21
Suppress in OPAC No
Holdings
Withdrawn status Lost status Source of classification or shelving scheme Damaged status Not for loan Collection Home library Current library Date acquired Total checkouts Full call number Barcode Date last seen Copy number Price effective from Koha item type Public note
    Dewey Decimal Classification     القانون الدولي العام جــــامعة القــاهرة مكتبة كلية الحقوق - فـرع الشيخ زايد 04.02.2026   Law2 11 341 IN 5 ed - 2009 1100120 C1 ENGB11-00120 04.02.2026 1 04.02.2026 Books 2185

© All rights reserved — Faculty of Law, Cairo University